000 00468nam a2200181Ia 4500
008 240925s9999 xx 000 0 und d
020 _a9780070700857
082 _a658.4 LAR
100 _aGray, Clifford
245 0 _aProject Management: the managerial process
250 _a4th
260 _aNew York:
_bMc Graw HIll
_c,2011.
300 _axvi,1115p.
_bN.A
_fOriginal
500 _aIncludes Index
600 _aManagement
650 _aManagement
942 _cBK
999 _c11603
_d11603